Cuatro Poetas de Hoy : (Record no. 43339)
[ view plain ]
| 000 -CABECERA | |
|---|---|
| campo de control de longitud fija | 00780nam a2200205 a 4500 |
| 001 - NÚMERO DE CONTROL | |
| campo de control | 000043850 |
| 005 - FECHA Y HORA DE LA ÚLTIMA TRANSACCIÓN | |
| campo de control | 20201002045015.0 |
| 008 - DATOS DE LONGITUD FIJA--INFORMACIÓN GENERAL | |
| campo de control de longitud fija | 140507s1960 sp 000 0 spa d |
| 040 ## - FUENTE DE LA CATALOGACIÓN | |
| Centro catalogador/agencia de origen | DO-SdBNP |
| Lengua de catalogación | spa |
| Centro/agencia transcriptor | BNPHU |
| 245 00 - MENCIÓN DE TÍTULO | |
| Título | Cuatro Poetas de Hoy : |
| Resto del título | José Luis Hidalgo, Gabriel Celaya, Blas de Otero, José Hierro / |
| Mención de responsabilidad, etc. | selección y notas por María de Gracía Ifach. |
| 260 ## - PUBLICACIÓN, DISTRIBUCIÓN, ETC. | |
| Lugar de publicación, distribución, etc. | Madrid : |
| Nombre del editor, distribuidor, etc. | Taurus, |
| Fecha de publicación, distribución, etc. | 1960. |
| 300 ## - DESCRIPCIÓN FÍSICA | |
| Extensión | 251 p. ; |
| Dimensiones | 19 cm. |
| 490 1# - MENCIÓN DE SERIE | |
| Mención de serie | Ser y tiempo |
| -- | temas de España, |
| Designación de volumen o secuencia | 11 |
| 700 12 - PUNTO DE ACCESO ADICIONAL--NOMBRE DE PERSONA | |
| Nombre de persona | Ifach, María de Gracia, |
| Término indicativo de función/relación | ed. |
| 9 (RLIN) | 71713 |
| 700 12 - PUNTO DE ACCESO ADICIONAL--NOMBRE DE PERSONA | |
| Nombre de persona | Hidalgo, José Luis, |
| Fechas asociadas al nombre | 1919-1947. |
| 9 (RLIN) | 71714 |
| 700 12 - PUNTO DE ACCESO ADICIONAL--NOMBRE DE PERSONA | |
| Nombre de persona | Celaya, Gabriel, |
| Fechas asociadas al nombre | 1911-1991. |
| 9 (RLIN) | 24708 |
| 700 12 - PUNTO DE ACCESO ADICIONAL--NOMBRE DE PERSONA | |
| Nombre de persona | Otero, Blas de. |
| 9 (RLIN) | 71715 |
| 700 12 - PUNTO DE ACCESO ADICIONAL--NOMBRE DE PERSONA | |
| Nombre de persona | Hierro, José |
| Fechas asociadas al nombre | 1922- |
| 9 (RLIN) | 15079 |
| 830 #0 - PUNTO DE ACCESO ADICIONAL DE SERIE-TÍTULO UNIFORME | |
| Título uniforme | Ser y tiempo |
| Nombre de parte o sección de la obra | temas de España, |
| Designación de volumen o secuencia | 11 |
| 9 (RLIN) | 38046 |
| Estado de retiro | Estado de pérdida | Restricciones de uso | No para préstamo | Código de colección | Localización permanente | Ubicación/localización actual | Ubicación en estantería | Fecha de adquisición | Número de inventario | Total de préstamos | Signatura topográfica completa | Código de barras | Fecha visto por última vez | Precio válido a partir de | Tipo de ítem Koha |
|---|---|---|---|---|---|---|---|---|---|---|---|---|---|---|---|
| Monografías: Libros y Folletos | General | General | Orden iniciada | 07.05.2014 | LF1 | 43850-10 | 25.06.2020 | 25.06.2020 | No se presta |
